Регионална библиотека "Любен Каравелов" - Русе

Празници и развлечения за деца от ранна възраст (Запис номер 115882)

MARC детайли
000 -Лидер
Контролно поле с фиксирана дължина nam a22 a 4500
003 - Код на организацията, давaща контролен номер
Контролно поле BLK
005 - Дата и час на последна редакция
Контролно поле 20220616091720.0
008 - Елементи от данни с фиксирана дължина
fixed length control field 180409b bul|||||r ||||||| ||bul||
010 ## - Наследен системен номер
LC control number KNG00121399000
040 ## - Източник на каталожния запис
Идентификатор на билиотеката - собственик на записа BLK
041 ## - Код за език
Код за езика на текст/звукозапис или на отделно заглавие Български
Код за езика КДБФ Български
080 ## - УДК
Текстов определител УДК Развиване на мисълта. Подвижни упражнения - Упражняване на вниманието и способността за различаване, наблюдаване на природата, гимнастика, ритмични упражнения, ръчна работа и др.
УДК код - определител по УДК 372.36
УДК определител :78
УДК - код + определител 372.36:78
100 1# - Редна дума - Автор
Автор Атанасова-Вукова, Анастасия Петрова
Авторска отговорност първи автор
R(LIN) 260321
139 ## - Редно поле
Редна дума Атанасова-Вукова, Анастасия Петрова
Авторски знак Ат - А 93
245 10 - Сведения за заглавието
Заглавие Празници и развлечения за деца от ранна възраст
Редно поле (дума) Анастасия Петрова Атанасова-Вукова.
257 ## - Страна на издаване
Страна на създаване/издаване България
260 ## - Област на издателските данни
Име на издателя, разпространителя и проч. Наука и изкуство
Година на издаване 1968
Място на издаване, разпространение и проч. София
300 ## - Физическа характеристика
Страници 152 с.
Илюстрации и др. с ноти
Размери/Мащаб 22 см
380 ## - Жанр
Жанр Обществени науки
500 ## - Общи забележки
Забележка Съдържа сценарии на игрите, нотен материал, указания.
650 #4 - Допълнително описание по предмет – тема
Основно описание – тема или топоним Музикално възпитание - в детската градина
9 (RLIN) 248737
653 ## - Ключова дума – ненормативна
Ключова дума музикални игри
653 ## - Ключова дума – ненормативна
Ключова дума детски песни
653 ## - Ключова дума – ненормативна
Ключова дума сценарии
852 ## - Местоположение
Форматна сигнатура Цб 47142
856 4# - Електронен адрес и достъп
Електронен формат pdf - файл
856 4# - Електронен адрес и достъп
Електронен формат pdf - файл
999 ## - СИСТЕМНИ КОНТРОЛНИ НОМЕРА
Koha biblionumber 115882
Koha biblioitemnumber 115882
942 ## - АРТИКУЛИ
Вид на библиотечния материал Книги
Скрит в OPAC Не
Периодичен библиозапис Да
944 ## - СЪЗДАВАНЕ И РЕДАКЦИЯ на ЗАПИСА
Създаване/Редакция Създаване
Дата на регистрацията/редакция 12.02.2011
Статус, дата на статуса добави в АБ / 11.02.2011
Служител, извършил регистрацията/редакцията Наталия_Любомирова
944 ## - СЪЗДАВАНЕ И РЕДАКЦИЯ на ЗАПИСА
Създаване/Редакция Редакция
Дата на регистрацията/редакция 12.02.2011
Статус, дата на статуса добави в АБ / 11.02.2011
999 ## - СИСТЕМНИ КОНТРОЛНИ НОМЕРА
Koha biblioitemnumber 115882
Наличности
Код за отписване Код за изгубен артикул Източник на класификационната схема Код за повреда Коз за рестрикции Код за отдаване Артикулен № Име на библиотеката - собственик Име на библиотеката, в която се намира в момента Статус (Текущо местоположение) Дата на вписване в системата Местоположение - отдел Цена в лева Инвентарен номер Систематично азбучна сигнатура Баркод Номер на екземпляра Цена в евро Служебна бележка Служебен тип на артикула
  Не е изгубен Universal Decimal Classification Не е повреден само за читалня ползва се в читалня 186418 Регионална библиотека "Любен Каравелов" Русе Регионална библиотека "Любен Каравелов" Русе Хранилище 1968-01-01 Хранилище 2.91 11258/68 Цб 47142 900000102419 1 1.49 N: стар фонд Дата: 01.01.1968 Книги
Изтеглен Не е изгубен Universal Decimal Classification Не е повреден без рестрикции ползва се в читалня 186419 Регионална библиотека "Любен Каравелов" Русе Регионална библиотека "Любен Каравелов" Русе Отдел Изкуство - читалня 1968-01-01 Отдел Изкуство - читалня 0.00 12363/68 И 37/А 93 12363/68 2 0.00 N: стар фонд Дата: 01.01.1968 Дата инв: 18.06.2012 Бележки инв: * Книги
Изтеглен Не е изгубен Universal Decimal Classification Не е повреден без рестрикции заемане за дома 186420 Регионална библиотека "Любен Каравелов" Русе Регионална библиотека "Любен Каравелов" Русе Отдел Изкуство - подръчен фонд 1968-01-01 Отдел Изкуство - подръчен фонд 0.00 14211/68 ИП 37/А 93 14211/68 3 0.00 N: стар фонд Дата: 01.01.1968 Дата инв: 10.02.2015 Бележки инв: ИП2015 Книги
Изтеглен Не е изгубен Universal Decimal Classification Не е повреден без рестрикции заемане за дома 186421 Регионална библиотека "Любен Каравелов" Русе Регионална библиотека "Любен Каравелов" Русе Отдел Изкуство - подръчен фонд 1968-01-01 Отдел Изкуство - подръчен фонд 0.00 12362/68 ИП 37/А 93 12362/68 4 0.00 N: стар фонд Дата: 01.01.1968 Дата инв: 10.02.2015 Бележки инв: ИП2015 Книги
Vip Innovations Ltd, Rousse, Bulgaria 2025